[Event "Krapina op 12th"]
[Site "Krapina"]
[Date "2024.01.21"]
[Round "7"]
[White "Segovic, Goran"]
[Black "Roska, Branislav"]
[Result "1-0"]
[WhiteElo "2290"]
[BlackElo "2064"]
[PlyCount "73"]
[EventDate "2024.01.19"]
[EventType "swiss"]
[EventRounds "7"]
[EventCountry "CRO"]
[SourceTitle "CB06_2024"]
[SourceDate "2024.02.07"]
[SourceVersion "1"]
[SourceVersionDate "2024.02.07"]
[SourceQuality "1"]

1. e4 a6 2. Nf3 g6 3. d4 Bg7 4. Nc3 d6 5. Be3 Nd7 6. h4 h6 7. Qd2 Ngf6 8. Nh2 b5 9. f3 Bb7 10. 0-0-0 Nb6 11. Bd3 Nfd7 12. Ne2 c5 13. c3 c4 14. Bc2 a5 15. f4 Qc7 16. h5 gxh5 17. Nf3 b4 18. a3 bxa3 19. bxa3 d5 20. e5 e6 21. Ng3 Bf8 22. Qf2 Bxa3+ 23. Kd2 Be7 24. Nxh5 a4 25. f5 a3 26. fxe6 Nf8 27. Ng7+ Kd8 28. exf7 Na4 29. Bxa4 Rxa4 30. Nf5 a2 31. Nxe7 Qxe7 32. Ra1 Qa3 33. Ne1 Qb2+ 34. Nc2 Ra3 35. Qf6+ Kc8 36. Qxh8 Qxc3+ 37. Kc1 1-0

[Event "Krapina op 12th"]
[Site "Krapina"]
[Date "2024.01.20"]
[Round "4"]
[White "Roska, Branislav"]
[Black "Mesar, Darko"]
[Result "1/2-1/2"]
[WhiteElo "2064"]
[BlackElo "1851"]
[PlyCount "167"]
[EventDate "2024.01.19"]
[EventType "swiss"]
[EventRounds "7"]
[EventCountry "CRO"]
[SourceTitle "CB06_2024"]
[SourceDate "2024.02.07"]
[SourceVersion "1"]
[SourceVersionDate "2024.02.07"]
[SourceQuality "1"]

1. e4 c5 2. Nf3 a6 3. c4 Nc6 4. Nc3 d6 5. d4 cxd4 6. Nxd4 Nf6 7. Be2 g6 8. Be3 Bg7 9. Qd2 Ng4 10. Bxg4 Bxg4 11. 0-0 0-0 12. Rac1 Rc8 13. b3 Bd7 14. f4 f5 15. exf5 gxf5 16. Rf3 Kh8 17. Rg3 e5 18. Nxc6 Bxc6 19. Rd1 Qa5 20. fxe5 Bxe5 21. Bf4 Rcd8 22. b4 Qc7 23. Nd5 Qf7 24. Rd3 Rde8 25. Qf2 Rg8 26. Rg3 Rg6 27. Rf3 Reg8 28. g3 Rf8 29. Rfd3 Re6 30. Rf3 Qg7 31. Re3 Ree8 32. Ree1 Qg4 33. Ne3 Qg6 34. Ng2 Rg8 35. c5 Bxg2 36. Kxg2 Bxf4 37. Qxf4 dxc5 38. bxc5 Qc6+ 39. Qf3 Qxc5 40. Rc1 Qa5 41. Rxe8 Rxe8 42. Rc2 Qb5 43. Rf2 Rf8 44. Qc3+ Kg8 45. Rb2 Qd5+ 46. Qf3 Qxf3+ 47. Kxf3 Rf7 48. Rb6 Kg7 49. Kf4 h6 50. h4 Kh7 51. h5 Kg7 52. a4 Kh7 53. a5 Kg7 54. Rg6+ Kh7 55. Rd6 Rc7 56. Rd5 Rc1 57. Rd7+ Kg8 58. Kxf5 Rc5+ 59. Kg6 Rc6+ 60. Kf5 Rc5+ 61. Kg4 Rg5+ 62. Kh4 Rxa5 63. Rxb7 Rb5 64. Ra7 a5 65. g4 Kh8 66. Kg3 Kg8 67. Kf4 Kh8 68. Ra6 Kh7 69. Rg6 Rc5 70. Ke4 Rb5 71. Kd4 a4 72. Kc4 Ra5 73. Rd6 a3 74. Rd7+ Kg8 75. Rd1 a2 76. Ra1 Kf7 77. Kb3 Kf6 78. Rxa2 Rxa2 79. Kxa2 Kg5 80. Kb2 Kxg4 81. Kc2 Kxh5 82. Kd2 Kg4 83. Ke1 Kh3 84. Kf1 1/2-1/2

[Event "Krapina op 12th"]
[Site "Krapina"]
[Date "2024.01.19"]
[Round "2"]
[White "Roska, Branislav"]
[Black "Golub, Nikolina"]
[Result "0-1"]
[WhiteElo "2064"]
[BlackElo "1756"]
[PlyCount "136"]
[EventDate "2024.01.19"]
[EventType "swiss"]
[EventRounds "7"]
[EventCountry "CRO"]
[SourceTitle "CB06_2024"]
[SourceDate "2024.02.07"]
[SourceVersion "1"]
[SourceVersionDate "2024.02.07"]
[SourceQuality "1"]

1. e4 c5 2. Nf3 e6 3. g3 Nc6 4. Bg2 d6 5. b3 Nf6 6. d3 g6 7. Bb2 Bg7 8. 0-0 0-0 9. Qc1 d5 10. Nc3 b6 11. Re1 Bb7 12. a4 a6 13. h3 Qc7 14. Nd2 Rad8 15. Ne2 b5 16. axb5 axb5 17. Nc3 Qb6 18. Nf1 Nb4 19. Na2 Nc6 20. Nc3 Nb4 21. Nd1 Ra8 22. Rxa8 Rxa8 23. e5 Nd7 24. Qd2 Nc6 25. f4 c4+ 26. Kh2 cxb3 27. cxb3 b4 28. d4 Ra2 29. Re2 Ba6 30. Rf2 Na5 31. Qc2 Nc6 32. Qb1 Ra5 33. Rd2 Bb5 34. Nfe3 Ra7 35. Bf1 Na5 36. Bxb5 Qxb5 37. Qd3 Qxd3 38. Rxd3 Rc7 39. g4 Bf8 40. Kg3 h6 41. h4 h5 42. f5 Kh7 43. Nf2 Bh6 44. g5 Bg7 45. fxg6+ fxg6 46. Nh3 Kg8 47. Nf4 Kf7 48. Nexd5 exd5 49. e6+ Ke8 50. exd7+ Kxd7 51. Nxg6 Rc2 52. Ne5+ Kd6 53. Ba1 Ra2 54. Rd1 Nxb3 55. Rb1 Nxa1 56. Rxb4 Bxe5+ 57. dxe5+ Kxe5 58. Rb8 Ra3+ 59. Kg2 Ra4 60. Kh3 d4 61. g6 Kf6 62. Rb6+ Kg7 63. Rd6 Nc2 64. Kg3 Ra1 65. Kf4 Rg1 66. Kf5 Ne3+ 67. Ke4 Rg4+ 68. Ke5 Nc4+ 0-1

[Event "Dubrovnik Advent op"]
[Site "Dubrovnik"]
[Date "2023.12.03"]
[Round "6"]
[White "Drazic, Sinisa"]
[Black "Roska, Branislav"]
[Result "1-0"]
[WhiteElo "2264"]
[BlackElo "2076"]
[PlyCount "87"]
[EventDate "2023.12.01"]
[EventType "swiss"]
[EventRounds "6"]
[EventCountry "CRO"]
[SourceTitle "CB49_2023"]
[SourceDate "2023.12.06"]
[SourceVersion "1"]
[SourceVersionDate "2023.12.06"]
[SourceQuality "1"]

1. d4 f5 2. g3 Nf6 3. Bg2 d5 4. c4 e6 5. Nh3 c6 6. Qc2 Bd6 7. 0-0 0-0 8. Bf4 Bxf4 9. Nxf4 Qe7 10. Nd2 Bd7 11. Nf3 Be8 12. b4 Nbd7 13. a4 Nb6 14. Ne5 Nfd7 15. Nxd7 Nxd7 16. a5 g5 17. Nd3 f4 18. b5 Bg6 19. bxc6 bxc6 20. Qc3 Bxd3 21. Qxd3 Rab8 22. Rab1 Nf6 23. Rfc1 Kh8 24. a6 e5 25. Rxb8 Rxb8 26. dxe5 Qxe5 27. cxd5 cxd5 28. gxf4 Qxf4 29. e3 Qd6 30. Qf5 Qxa6 31. Bxd5 Nxd5 32. Qe5+ Qf6 33. Qxb8+ Kg7 34. Qxa7+ Kg6 35. Qd7 Ne7 36. Rd1 Kf7 37. h3 h5 38. Kg2 Qe5 39. Rd4 Kf6 40. Qd6+ Qxd6 41. Rxd6+ Kf5 42. Rh6 h4 43. Kf3 Ng6 44. Rxg6 1-0

[Event "Dubrovnik Advent op"]
[Site "Dubrovnik"]
[Date "2023.12.01"]
[Round "2"]
[White "Ilijas, Dejan"]
[Black "Roska, Branislav"]
[Result "1-0"]
[WhiteElo "1878"]
[BlackElo "2076"]
[PlyCount "103"]
[EventDate "2023.12.01"]
[EventType "swiss"]
[EventRounds "6"]
[EventCountry "CRO"]
[SourceTitle "CB49_2023"]
[SourceDate "2023.12.06"]
[SourceVersion "1"]
[SourceVersionDate "2023.12.06"]
[SourceQuality "1"]

1. e4 g6 2. Nf3 Bg7 3. c3 d6 4. d4 Nf6 5. Nbd2 0-0 6. Be2 Nc6 7. 0-0 e5 8. dxe5 dxe5 9. b4 a6 10. a4 Nh5 11. g3 Bh3 12. Re1 h6 13. Qb3 Qf6 14. Nf1 Ne7 15. Ne3 Be6 16. Qc2 g5 17. Bb2 g4 18. Nh4 Qg5 19. Bc1 Nf4 20. gxf4 Qxh4 21. f5 h5 22. Ng2 Qf6 23. fxe6 fxe6 24. Rf1 Ng6 25. f3 g3 26. hxg3 h4 27. gxh4 Nxh4 28. Nxh4 Qxh4 29. Bc4 Rf6 30. Qg2 Qh5 31. Kf2 Raf8 32. Ke2 b5 33. axb5 axb5 34. Bb3 Qe8 35. Be3 Rg6 36. Qh3 Qc6 37. Rac1 Kf7 38. Rh1 Rh8 39. Qf1 Ra8 40. Rg1 Rxg1 41. Qxg1 Ra3 42. Qd1 Ra8 43. Qh1 Rh8 44. Qg2 Bf6 45. c4 bxc4 46. Bxc4 Rg8 47. Qh3 Rh8 48. Bxe6+ Qxe6 49. Rxc7+ Be7 50. Qxh8 Qa6+ 51. Kf2 Qg6 52. Qxe5 1-0

[Event "Krapina op 11th"]
[Site "Krapina"]
[Date "2023.01.14"]
[Round "4"]
[White "Roska, Branislav"]
[Black "Jakupec, Denis"]
[Result "1-0"]
[WhiteElo "2105"]
[BlackElo "1982"]
[PlyCount "33"]
[EventDate "2023.01.13"]
[EventType "swiss"]
[EventRounds "7"]
[EventCountry "CRO"]
[SourceTitle "CBM 212 Extra"]
[Source "ChessBase"]
[SourceDate "2023.03.31"]
[SourceVersion "1"]
[SourceVersionDate "2023.03.31"]
[SourceQuality "1"]

1. e4 c5 2. Nf3 e6 3. d4 cxd4 4. Nxd4 Nc6 5. Be3 Nf6 6. Bd3 d5 7. exd5 Nxd5 8. Nxc6 bxc6 9. Bd2 Bd6 10. Nc3 0-0 11. Ne4 Be7 12. 0-0 Rb8 13. c4 Nf6 14. Bc3 c5 15. Qe2 Nxe4 16. Qxe4 f5 17. Qe5 1-0

[Event "Krapina op 11th"]
[Site "Krapina"]
[Date "2023.01.13"]
[Round "2"]
[White "Roska, Branislav"]
[Black "Hamer, Ivan"]
[Result "1/2-1/2"]
[WhiteElo "2105"]
[BlackElo "1904"]
[PlyCount "56"]
[EventDate "2023.01.13"]
[EventType "swiss"]
[EventRounds "7"]
[EventCountry "CRO"]
[SourceTitle "CBM 212 Extra"]
[Source "ChessBase"]
[SourceDate "2023.03.31"]
[SourceVersion "1"]
[SourceVersionDate "2023.03.31"]
[SourceQuality "1"]

1. e4 e6 2. d4 d5 3. Nd2 Nf6 4. e5 Nfd7 5. Bd3 c5 6. c3 Nc6 7. Ne2 Qb6 8. Nf3 cxd4 9. cxd4 f6 10. exf6 Nxf6 11. 0-0 Bd6 12. Nc3 0-0 13. Nb5 Be7 14. Ne5 a6 15. Nxc6 bxc6 16. Nc3 Bd7 17. Bf4 c5 18. Be5 Qxb2 19. dxc5 Qb4 20. Rb1 Qxc5 21. Rb7 Bc6 22. Rc7 Rfe8 23. Bxf6 Bxf6 24. Bxh7+ Kxh7 25. Qh5+ Kg8 26. Qf7+ Kh8 27. Qh5+ Kg8 28. Qf7+ Kh8 1/2-1/2

[Event "Varazdinske Toplice op"]
[Site "Varazdinske Toplice"]
[Date "2022.12.26"]
[Round "5"]
[White "Makaj, Nikola"]
[Black "Roska, Branislav"]
[Result "0-1"]
[WhiteElo "1937"]
[BlackElo "2145"]
[PlyCount "140"]
[EventDate "2022.12.26"]
[EventType "swiss"]
[EventRounds "9"]
[EventCountry "CRO"]
[SourceTitle "CBM 211 Extra"]
[Source "ChessBase"]
[SourceDate "2023.01.31"]
[SourceVersion "1"]
[SourceVersionDate "2023.01.31"]
[SourceQuality "1"]

1. e4 c5 2. a3 d6 3. b4 Nd7 4. Bb5 a6 5. Bc4 Ngf6 6. d3 e6 7. Nc3 Be7 8. Nge2 0-0 9. 0-0 b5 10. Ba2 Bb7 11. Bb2 Rc8 12. bxc5 Nxc5 13. Nf4 Qc7 14. Rc1 Rfd8 15. Qe2 e5 16. Nh5 Ne6 17. Nxf6+ Bxf6 18. Nd5 Bxd5 19. Bxd5 Bg5 20. Bxe6 fxe6 21. Rb1 Qxc2 22. Qg4 h6 23. Qxe6+ Kh8 24. h4 Bd2 25. Rfd1 Qxd3 26. Qg4 Rf8 27. g3 Rc2 28. Rf1 Bc3 29. Bxc3 Qxc3 30. Rbd1 Qxa3 31. Ra1 Qf3 32. Qxf3 Rxf3 33. Rxa6 b4 34. Rb6 b3 35. Rb1 Rfxf2 36. R6xb3 Rg2+ 37. Kf1 Rcf2+ 38. Ke1 Ra2 39. Kf1 Raf2+ 40. Ke1 Re2+ 41. Kf1 Rgf2+ 42. Kg1 Rg2+ 43. Kf1 Ref2+ 44. Ke1 Ra2 45. Kf1 Rge2 46. Kg1 Rxe4 47. R3b2 Rxb2 48. Rxb2 d5 49. Kf2 d4 50. Rb3 Kh7 51. Kf3 Re1 52. Rb5 Re3+ 53. Kf2 e4 54. Rd5 Rf3+ 55. Kg2 d3 56. Rd4 Re3 57. Kf2 Re2+ 58. Kf1 Kg6 59. g4 h5 60. g5 Kf5 61. Rd7 Kf4 62. Rxg7 Ke3 63. Rd7 d2 64. g6 Re1+ 65. Kg2 d1Q 66. Rxd1 Rxd1 67. Kg3 Rd6 68. Kg2 Rxg6+ 69. Kf1 Rg4 70. Ke1 Rg1# 0-1

[Event "Varazdinske Toplice op"]
[Site "Varazdinske Toplice"]
[Date "2022.12.26"]
[Round "2"]
[White "Roska, Branislav"]
[Black "Forstnaric, Zdravko"]
[Result "1-0"]
[WhiteElo "2145"]
[BlackElo "1816"]
[PlyCount "75"]
[EventDate "2022.12.26"]
[EventType "swiss"]
[EventRounds "9"]
[EventCountry "CRO"]
[SourceTitle "CBM 211 Extra"]
[Source "ChessBase"]
[SourceDate "2023.01.31"]
[SourceVersion "1"]
[SourceVersionDate "2023.01.31"]
[SourceQuality "1"]

1. e4 c5 2. Nf3 Nc6 3. d4 cxd4 4. Nxd4 d6 5. c4 Nf6 6. Nc3 a6 7. Be2 Bd7 8. Be3 g6 9. f3 Bg7 10. Qd2 Rc8 11. 0-0-0 Qa5 12. Kb1 0-0 13. Nxc6 Bxc6 14. Nd5 Qd8 15. Bh6 Bxd5 16. cxd5 Qb6 17. Bxg7 Kxg7 18. h4 h6 19. g4 Nd7 20. f4 f6 21. Rdg1 Rc7 22. g5 fxg5 23. hxg5 h5 24. f5 Rfc8 25. f6+ Kg8 26. fxe7 Ne5 27. Qf4 Rxe7 28. Qf6 Rc2 29. Kxc2 Rf7 30. Qe6 Qf2 31. Re1 Nf3 32. Qxg6+ Kf8 33. Qxd6+ Ke8 34. Rhf1 Nxe1+ 35. Kd1 Qd4+ 36. Kxe1 Rxf1+ 37. Kxf1 Qxb2 38. Bxh5# 1-0

[Event "Varazdinske Toplice op"]
[Site "Varazdinske Toplice"]
[Date "2022.12.26"]
[Round "6"]
[White "Roska, Branislav"]
[Black "Havas, Juraj"]
[Result "0-1"]
[WhiteElo "2145"]
[BlackElo "2072"]
[PlyCount "117"]
[EventDate "2022.12.26"]
[EventType "swiss"]
[EventRounds "9"]
[EventCountry "CRO"]
[SourceTitle "CBM 211 Extra"]
[Source "ChessBase"]
[SourceDate "2023.01.31"]
[SourceVersion "1"]
[SourceVersionDate "2023.01.31"]
[SourceQuality "1"]

1. e4 Nf6 2. Nc3 d5 3. exd5 Nxd5 4. Nxd5 Qxd5 5. d4 c5 6. Nf3 Bg4 7. Be2 cxd4 8. 0-0 Nc6 9. Nxd4 Bxe2 10. Nxe2 Qxd1 11. Rxd1 e6 12. Be3 Be7 13. Nd4 Nxd4 14. Bxd4 0-0 15. Be3 Rfd8 16. Kf1 Kf8 17. Ke2 Ke8 18. c4 Bf6 19. Rab1 b6 20. b4 Rac8 21. Rxd8+ Kxd8 22. Kd3 Kc7 23. a4 Rd8+ 24. Kc2 Bd4 25. Bxd4 Rxd4 26. Kc3 e5 27. b5 Kd6 28. Kb4 Rd2 29. a5 bxa5+ 30. Kxa5 Kc5 31. Ka6 Ra2+ 32. Kb7 Kxc4 33. Re1 f6 34. Kc6 Kd3 35. Re3+ Kd4 36. Rg3 g6 37. Rh3 h5 38. Rg3 g5 39. Rf3 Rc2+ 40. Kb7 Rc5 41. Ka6 Rc7 42. Rxf6 Rg7 43. Rh6 h4 44. Rd6+ Kc5 45. Rc6+ Kd5 46. h3 e4 47. Rc8 Kd4 48. Rd8+ Ke5 49. Re8+ Kd4 50. Rd8+ Kc4 51. Rc8+ Kd3 52. Rf8 Ke2 53. Rf5 Kd3 54. Re5 Kd4 55. Rf5 e3 56. fxe3+ Kxe3 57. Rf3+ Ke4 58. Ka5 Rg6 59. Rc3 0-1

[Event "EU-ch Amateur U2300"]
[Site "Zagreb"]
[Date "2022.08.16"]
[Round "4"]
[White "Green, Michael"]
[Black "Roska, Branislav"]
[Result "0-1"]
[WhiteElo "1997"]
[BlackElo "2153"]
[PlyCount "104"]
[EventDate "2022.08.14"]
[EventType "swiss"]
[EventRounds "9"]
[EventCountry "CRO"]
[SourceTitle "CBM 210 Extra"]
[Source "ChessBase"]
[SourceDate "2022.11.30"]
[SourceVersion "1"]
[SourceVersionDate "2022.11.30"]
[SourceQuality "1"]

1. e4 e5 2. Nf3 Nc6 3. d4 exd4 4. Nxd4 Bc5 5. Nb3 Bb6 6. Nc3 d6 7. Qe2 Nge7 8. Be3 0-0 9. 0-0-0 Be6 10. f4 Re8 11. Bxb6 axb6 12. g4 b5 13. Qxb5 Bxg4 14. Rd3 Bd7 15. Qh5 g6 16. Qh6 Kh8 17. f5 Ng8 18. Qf4 g5 19. Qf2 Ne5 20. Rg3 c6 21. Be2 b5 22. h4 g4 23. Bxg4 Nf6 24. Bf3 b4 25. Ne2 c5 26. h5 c4 27. Nd2 Rxa2 28. Nf4 Ra1+ 29. Nb1 c3 30. Ng6+ fxg6 31. hxg6 cxb2+ 32. Kd2 Nxf3+ 33. Qxf3 Nxe4+ 34. Kd3 Bb5+ 35. c4 bxc3+ 36. Kc2 Ba4+ 37. Kd3 Nc5+ 38. Kxc3 Qf6+ 39. Kc4 Re4+ 40. Qxe4 Nxe4 41. Rxh7+ Kg8 42. Rg2 Rxb1 43. g7 Qc3+ 44. Kd5 Bb3+ 45. Kxe4 Qe5+ 46. Kf3 Rf1+ 47. Rf2 Qxf5+ 48. Ke3 Qxf2+ 49. Ke4 Qf4+ 50. Kd3 Rf3+ 51. Ke2 Bc4+ 52. Kd1 b1Q# 0-1

[Event "EU-ch Amateur U2300"]
[Site "Zagreb"]
[Date "2022.08.16"]
[Round "3"]
[White "Roska, Branislav"]
[Black "Begic, Domagoj"]
[Result "0-1"]
[WhiteElo "2153"]
[BlackElo "2026"]
[PlyCount "136"]
[EventDate "2022.08.14"]
[EventType "swiss"]
[EventRounds "9"]
[EventCountry "CRO"]
[SourceTitle "CBM 210 Extra"]
[Source "ChessBase"]
[SourceDate "2022.11.30"]
[SourceVersion "1"]
[SourceVersionDate "2022.11.30"]
[SourceQuality "1"]

1. e4 d6 2. d4 Nf6 3. Nc3 e5 4. dxe5 dxe5 5. Qxd8+ Kxd8 6. Bg5 Be6 7. Nf3 Nbd7 8. 0-0-0 Kc8 9. a3 h6 10. Bh4 a6 11. Bxf6 gxf6 12. Nh4 Bc5 13. Rd2 c6 14. Nd1 Kc7 15. Bd3 b5 16. Ne3 Rhd8 17. Nhf5 Bxe3 18. Nxe3 Nc5 19. Rhd1 Rd7 20. f3 a5 21. Be2 Rad8 22. Rxd7+ Rxd7 23. Rxd7+ Nxd7 24. Kd2 Kd6 25. Ke1 Kc5 26. b3 Nb6 27. Kd2 Nc8 28. Bd1 Nd6 29. g4 b4 30. a4 Kd4 31. Nf1 c5 32. Ng3 c4 33. Nh5 cxb3 34. cxb3 Nb7 35. Ng3 Kc5 36. Kc2 Kd6 37. Nf1 Kc5 38. Kd3 Kd6 39. Nd2 Kc5 40. Ke3 Nd8 41. Be2 Nc6 42. Bc4 Nd4 43. Bxe6 fxe6 44. Kd3 Nc6 45. h4 Nd4 46. h5 Nc6 47. Nc4 Nd4 48. Nxa5 Nxf3 49. Nb7+ Kb6 50. Nd8 Ng5 51. Kc4 Kc7 52. Nxe6+ Nxe6 53. Kxb4 Ng5 54. Kc4 Nxe4 55. b4 Nd6+ 56. Kd5 e4 57. Kd4 Kc6 58. a5 Kb5 59. Ke3 Kc4 60. a6 Kd5 61. a7 Nc4+ 62. Kf4 Nb6 63. Kf5 e3 64. Kxf6 e2 65. g5 hxg5 66. Kxg5 e1Q 67. h6 Qe5+ 68. Kg6 Qh8 0-1

[Event "Stari Banovci Vidovdan op"]
[Site "Stari Banovci"]
[Date "2016.06.30"]
[Round "4"]
[White "Roska, Branislav"]
[Black "Verencevic, Aleksandar"]
[Result "1-0"]
[WhiteElo "2176"]
[BlackElo "1648"]
[PlyCount "51"]
[EventDate "2016.06.28"]
[EventType "swiss"]
[EventRounds "9"]
[EventCountry "SRB"]
[SourceTitle "CBM 173 Extra"]
[Source "ChessBase"]
[SourceDate "2016.08.29"]
[SourceVersion "1"]
[SourceVersionDate "2016.08.29"]
[SourceQuality "1"]

1. e4 e6 2. d4 d5 3. Nd2 c5 4. exd5 Qxd5 5. Ngf3 Nc6 6. c4 Qd7 7. d5 exd5 8. cxd5 Qxd5 9. Bc4 Qd8 10. 0-0 Be7 11. Qb3 Na5 12. Bxf7+ Kf8 13. Qd5 Qxd5 14. Bxd5 Nf6 15. Nc4 Nxd5 16. Nxa5 Bf6 17. Rd1 Nb4 18. Bg5 Kf7 19. Bxf6 gxf6 20. Nxb7 Nc2 21. Nd6+ Ke7 22. Rac1 Nd4 23. Nxd4 cxd4 24. Rxd4 Be6 25. Rc7+ Kf8 26. Rf4 1-0

[Event "Stari Banovci Vidovdan op"]
[Site "Stari Banovci"]
[Date "2016.06.29"]
[Round "2"]
[White "Roska, Branislav"]
[Black "Abramovic, Bosko"]
[Result "0-1"]
[WhiteElo "2176"]
[BlackElo "2412"]
[PlyCount "76"]
[EventDate "2016.06.28"]
[EventType "swiss"]
[EventRounds "9"]
[EventCountry "SRB"]
[SourceTitle "CBM 173 Extra"]
[Source "ChessBase"]
[SourceDate "2016.08.29"]
[SourceVersion "1"]
[SourceVersionDate "2016.08.29"]
[SourceQuality "1"]

1. e4 c5 2. Nf3 Nc6 3. d4 cxd4 4. Nxd4 g6 5. Nc3 Bg7 6. Be3 Nf6 7. Nb3 0-0 8. Be2 d6 9. 0-0 Be6 10. f4 Na5 11. e5 Ne8 12. exd6 Nxd6 13. Nxa5 Qxa5 14. Bd4 Bxd4+ 15. Qxd4 Rfd8 16. Qf2 Rac8 17. Bd3 Nc4 18. Bxc4 Rxc4 19. Rad1 Rxd1 20. Rxd1 Qb4 21. Qxa7 Qxb2 22. Qb8+ Rc8 23. Rd8+ Rxd8 24. Qxd8+ Kg7 25. Qd4+ f6 26. Qe3 Kf7 27. h3 Qxc2 28. a4 Qb3 29. Qd4 Qc4 30. Qd2 h5 31. h4 Qc5+ 32. Kh2 Bb3 33. Qb2 Qc4 34. g3 Qe6 35. a5 Qc4 36. Kg2 Qc6+ 37. Kh2 Be6 38. Qd2 Qf3 0-1

[Event "SRB-ch sf"]
[Site "Belgrade"]
[Date "2016.03.29"]
[Round "9"]
[White "Vrbljanac, Aleksandar"]
[Black "Roska, Branislav"]
[Result "1-0"]
[WhiteElo "2281"]
[BlackElo "2145"]
[PlyCount "48"]
[EventDate "2016.03.21"]
[EventType "swiss"]
[EventRounds "9"]
[EventCountry "SRB"]
[SourceTitle "CBM 171 Extra"]
[Source "ChessBase"]
[SourceDate "2016.04.26"]
[SourceVersion "1"]
[SourceVersionDate "2016.04.26"]
[SourceQuality "1"]

1. e4 d6 2. d4 c6 3. Nf3 Bg4 4. h3 Bxf3 5. Qxf3 e5 6. dxe5 dxe5 7. Bc4 Nf6 8. 0-0 Qc7 9. Nc3 Be7 10. a4 Nbd7 11. Be3 0-0 12. g4 Nc5 13. g5 Ne8 14. h4 g6 15. h5 Ng7 16. hxg6 hxg6 17. Ne2 Nce6 18. Qg4 Bc5 19. Bxc5 Nxc5 20. Ra3 Qe7 21. Kg2 Nh5 22. Rh1 Ne6 23. Rxh5 gxh5 24. Qxh5 Qxg5+ 1-0